=LDR 00000nam 2200000 4500 =001 INLIS000000000049301 =005 20170208102613.0 =006 =007 =008 =020 ##$$a 978-602-6223-08-1 =035 ##$$0010-021700000000093 =040 ##$$a NBPDMAT =082 ##$$a 297 .08 =090 ##$$a 297 .08 Mut m =100 ##$$a Mutawalli =245 ##$$a Menolak cinta dengan cinta : energi hati menata kampus putih / $c Dr. H. Mutawalli , M . Ag ; editor Dr .Abdul Quddus, MA =260 ##$$a Mataram : $b IAIN mataram, $c 2016 =300 ##$$a X, 94 hlm . ; $c 20 cm =500 ##$$a Bibliografi : hlm .93 - 94 =650 ##$$a ISLAM - ESAI =700 ##$$a Abdul Quddus =990 ##$$a 21603959 =990 ##$$a 21603955 =990 ##$$a 21603956 =990 ##$$a 21603957 =990 ##$$a 21603958 =990 ##$$a 21603958 =990 ##$$a 21603955 =990 ##$$a 21603956 =990 ##$$a 21603957 =990 ##$$a 21603959 =990 ##$$a 21603959 =990 ##$$a 21603955 =990 ##$$a 21603956 =990 ##$$a 21603957 =990 ##$$a 21603958 =990 ##$$a 21603957 =990 ##$$a 21603955 =990 ##$$a 21603956 =990 ##$$a 21603958 =990 ##$$a 21603959 =990 ##$$a 21603956 =990 ##$$a 21603955 =990 ##$$a 21603957 =990 ##$$a 21603958 =990 ##$$a 21603959 =990 ##$$a 21603955 =990 ##$$a 21603956 =990 ##$$a 21603957 =990 ##$$a 21603958 =990 ##$$a 21603959 =990 ##$$a 21603955 =990 ##$$a 21603956 =990 ##$$a 21603957 =990 ##$$a 21603958 =990 ##$$a 21603959 =990 ##$$a 233/46/2017 =990 ##$$a 21603955 =990 ##$$a 21603956 =990 ##$$a 21603957 =990 ##$$a 21603958 =990 ##$$a 233/46/2017 =990 ##$$a 21603955 =990 ##$$a 21603956 =990 ##$$a 21603957 =990 ##$$a 233/46/2017 =990 ##$$a 233/46/2017 =990 ##$$a 21603955 =990 ##$$a 21603956 =990 ##$$a 233/46/2017 =990 ##$$a 233/46/2017 =990 ##$$a 233/46/2017 =990 ##$$a 21603955 =990 ##$$a 233/46/2017 =990 ##$$a 233/46/2017 =990 ##$$a 233/46/2017 =990 ##$$a 233/46/2017 =990 ##$$a 233/46/2017 =990 ##$$a 233/46/2017 =990 ##$$a 233/46/2017 =990 ##$$a 233/46/2017